Centrales y redes eléctricas / (Record no. 37332)

MARC details
000 -LEADER
campo de control de longitud fija 00655nam a2200193 i 4500
001 - NÚMERO DE CONTROL
campo de control 37332
003 - IDENTIFICADOR DE NÚMERO DE CONTROL
campo de control ES-MaACL
005 - FECHA Y HORA DE LA ÚLTIMA TRANSACCIÓN
campo de control 20230906155542.0
007 - CAMPO FIJO DE DESCRIPCIÓN FÍSICA--INFORMACIÓN GENERAL
campo de control de longitud fija t|
008 - DATOS DE LONGITUD FIJA--INFORMACIÓN GENERAL
campo de control de longitud fija 030220s1959 sp ||||1| spa d
100 1# - ENTRADA PRINCIPAL--NOMBRE DE PERSONA
Nombre de persona Buchhold, Th.
9 (RLIN) 32302
245 10 - MENCIÓN DEL TÍTULO
Título Centrales y redes eléctricas /
Mención de responsabilidad, etc. por Th. Buchhold y H. Happoldt ; traducción por Francisco Planell y Carlos de Salas.
260 ## - PUBLICACIÓN, DISTRIBUCIÓN, ETC.
Lugar de publicación, distribución, etc. Barcelona :
Nombre del editor, distribuidor, etc. Labor,
Fecha de publicación, distribución, etc. 1959 (
Fabricante Talls. Gráfs. Iberoamericanos)
300 ## - DESCRIPCIÓN FÍSICA
Extensión XVI, 551 p. :
Otras características físicas il. ;
Dimensiones 23 cm.
700 1# - ENTRADA AGREGADA--NOMBRE PERSONAL
Nombre de persona Happoldt, H.
9 (RLIN) 61794
700 1# - ENTRADA AGREGADA--NOMBRE PERSONAL
Nombre de persona Planell, Francisco.
9 (RLIN) 92544
700 1# - ENTRADA AGREGADA--NOMBRE PERSONAL
Nombre de persona Salas, Carlos de.
9 (RLIN) 101725
852 ## - LOCALIZACIÓN
Ubicación ES-MaACL
Número de control de estantería C-16545
Sublocalización o colección R.44781
Holdings
Estatus retirado Estado de pérdida Estado de daño No para préstamo Biblioteca de origen Biblioteca actual Ubicación en estantería Fecha de adquisición Fuente de adquisición Total de préstamos Signatura topográfica completa Código de barras Visto por última vez Precio de reemplazo Tipo de ítem Koha
        Biblioteca del Ateneo de Madrid Biblioteca del Ateneo de Madrid Galería 17/01/2008     C-16545 1039287 23/02/2023 23/02/2023 Libro impreso